All G-Eazy Songs - Statistics

General Stats
  • This quiz has been taken 61 times
    55 since last reset
  • The average score is 52 of 243
Answer Stats
Album Song % Correct
When It's Dark Out Me, Myself & I
83%
The Beautiful & Damned Him & I
74%
These Things Happen I Mean It
71%
The Beautiful & Damned No Limit
64%
These Things Happen These Things Happen
62%
These Things Happen Tumblr Girls
62%
Must Be Nice Lady Killers
52%
These Things Happen Far Alone
50%
The Epidemic LP Free
50%
The Beautiful & Damned Sober
50%
These Things Happen Almost Famous
48%
Quarantine | Single #9 Down
48%
These Things Happen Let's Get Lost
48%
When It's Dark Out Random
48%
Scary Nights Scary Nights
48%
The Beautiful & Damned The Beautiful & Damned
48%
These Things Happen Too These Things Happen Too
48%
Must Be Nice Marilyn
45%
These Things Happen Downtown Love
43%
When It's Dark Out Drifting
43%
Fresh EP | Quarantine | The Epidemic LP | +2 others Intro
43%
Must Be Nice Must Be Nice
43%
These Things Happen Been On
40%
When It's Dark Out Everything Will Be OK
40%
When It's Dark Out Order More
40%
When It's Dark Out Some Kind of Drug
40%
The Beautiful & Damned The Plan
40%
The Beautiful & Damned Eazy
38%
These Things Happen Opportunity Cost
38%
The Beautiful & Damned Pray for Me
38%
When It's Dark Out Sad Boy
38%
Big Shh!
38%
Single #7 The End
38%
When It's Dark Out Calm Down
36%
The Fate of the Furious: The Album Good Life
36%
These Things Happen Lotta That
36%
The Beautiful & Damned Love Is Gone
36%
These Things Happen Too Moana
36%
When It's Dark Out Of All Things
36%
The Endless Summer Run
36%
The Beautiful & Damned That's a Lot
36%
When It's Dark Out What If
36%
Big Big
33%
These Things Happen Too Breakdown
33%
The Beautiful & Damned But a Dream
33%
The Beautiful & Damned Crash & Burn
33%
These Things Happen Too Faithful
33%
The Beautiful & Damned Fly Away
33%
These Things Happen Too Gerald
33%
B-Sides It's Eazy
33%
These Things Happen Just Believe
33%
The Tipping Point Just Believe (Tipping Point Version)
33%
The Beautiful & Damned Legend
33%
The Beautiful & Damned Leviathan
33%
The Beautiful & Damned Mama Always Told Me
33%
The Beautiful & Damned No Less
33%
When It's Dark Out One of Them
33%
Must Be Nice Plastic Dreams
33%
The Beautiful & Damned Charles Brown
31%
These Things Happen Complete
31%
Everything's Strange Here Free Porn, Cheap Drugs
31%
These Things Happen Too Origami
31%
The Beautiful & Damned Pick Me Up
31%
These Things Happen Remember You
31%
These Things Happen Too Running Wild
31%
These Things Happen Shoot Me Down
31%
Promo Single Still
31%
These Things Happen Too Still Be Friends
31%
The Beautiful & Damned Summer in December
31%
These Things Happen Too Wicked Game
31%
When It's Dark Out You Got Me
31%
Uncle Drew (Original Motion Picture Soundtrack) 1942
29%
B-Sides Bang
29%
When It's Dark Out Don't Let Me Go
29%
The Endless Summer Endless Summer
29%
Single #3 Endless Summer Freestyle
29%
The Beautiful & Damned Gotdamn
29%
Must Be Nice | These Things Happen Interlude
29%
B-Sides All Facts
26%
Scary Nights A Very Strange Time
26%
These Things Happen Factory Girl (Skit)
26%
When It's Dark Out For This
26%
Step Brothers Guala
26%
Scary Nights Hittin Licks
26%
These Things Happen Too Instructions
26%
Scary Nights I Wanna Rock
26%
When It's Dark Out Nothing to Me
26%
Nothing Wrong Nothing Wrong
26%
B-Sides Spectacular Now
26%
When It's Dark Out Think About You
26%
These Things Happen Too Time
26%
B-Sides Too Loud
26%
Beats (Official Soundtrack) West Coast
26%
These Things Happen Too Angel Cry
24%
These Things Happen Too Bad Bad News!
24%
Step Brothers Down for Me
24%
Scary Nights Full Time Cappers
24%
Single #8 Had Enough
24%
Must Be Nice Hello
24%
These Things Happen Too I, Me, Myself
24%
Must Be Nice Mad
24%
These Things Happen Too Solar Eclipse
24%
The Outsider The Outsider
24%
These Things Happen Too Wanna Be Myself
24%
These Things Happen Too When You're Gone
24%
Scary Nights Big Ben
21%
Scary Nights Demons & Angels
21%
Everything's Strange Here Everybody's Gotta Learn Sometime
21%
Big Fried Rice
21%
B-Sides Got a Check
21%
Scary Nights K I D S
21%
Must Be Nice Loaded
21%
These Things Happen Too No More
21%
B-Sides No Rappers
21%
These Things Happen Too Speed
21%
Everything's Strange Here Stan by Me
21%
Must Be Nice Breathe
19%
These Things Happen Too Everything Is Everything
19%
Single #10 Hate the Way
19%
Nothing Wrong Just Friends
19%
The Vault Power
19%
Single #11 Provide
19%
The Vault Wasabi
19%
Promo Single #2 Bone Marrow
17%
Step Brothers Buddha
17%
These Things Happen Too Christoph's Interlude
17%
The Epidemic LP Fresh!
17%
Gashi My Year
17%
Single #2 Rewind
17%
Must Be Nice Stay High
17%
Single #14 The Announcement
17%
The Endless Summer Acting Up
14%
The Endless Summer All I Could Do
14%
Single Drop
14%
Promo Single #4 Get Mine
14%
Step Brothers Gimme Gimme
14%
The Endless Summer Hang Ten
14%
The Endless Summer Make-Up Sex
14%
Everything's Strange Here Nostalgia Cycle
14%
The Vault Over Me
14%
Ghostbusters (Original Motion Picture Soundtrack) Saw It Coming
14%
Nothing Wrong Wave
14%
Single #12 A Little More
12%
Promo Single #6 Eyes Closed
12%
Nothing Wrong Get a Bag
12%
The Outsider Outta Pocket
12%
Promo Single #5 Special Love
12%
Single #6 Wait for Me
12%
The Endless Summer | The Outsider Waspy
12%
Big California Culture
10%
The Sikkis On the Planet Candy Girl
10%
Single #4 Down Chick Pt. II
10%
Big | The Outsider My Life Is a Party
10%
The Endless Summer Reefer Madness
10%
The Endless Summer Runaround Sue
10%
Promo Single #3 Shake It Up
10%
When It's Dark Out The Otherside
10%
Single #5 Throw Fits
10%
Global Meltdown W.A.N.T.S.
10%
Fresh EP Allegiance
7%
The Epidemic LP Apple of My Eye
7%
The Outsider A Thing for Me
7%
Fresh EP Cartiers
7%
The Tipping Point Cartiers (Remix)
7%
The Epidemic LP Change the Station
7%
The Epidemic LP Good One
7%
The Tipping Point I Be in the Lab
7%
The Epidemic LP I Don't Want You Back
7%
The Outsider Kings
7%
Fresh EP | The Sikkis On the Planet My Boom Box
7%
The Outsider Netflix
7%
The Epidemic LP Passing By
7%
The Sikkis On the Planet Stanky Leg Remix
7%
The Epidemic LP Talk to You
7%
Big This Is Me
7%
The Endless Summer Well-Known
7%
Fresh EP 18 Dummy in the Parkin' Lot
5%
The Tipping Point All Day
5%
The Tipping Point All Up on My Dick
5%
Big | The Tipping Point Alone
5%
The Outsider Blazin On a Sunny Afternoon
5%
The Tipping Point Cold Fever (Remix)
5%
Big Coming Home
5%
The Outsider Dear Ms. Rose
5%
The Tipping Point Dollarz & Dreamz
5%
The Epidemic LP Drinks Up
5%
The Tipping Point Freaks
5%
The Sikkis On the Planet G-Eazy Speaks on the Epidemic LP
5%
Fresh EP | The Tipping Point Gettin' Mine
5%
The Epidemic LP Groupies
5%
Big Grown Up Life
5%
Big Hell Is Round the Corner
5%
The Sikkis On the Planet Hip-Hop Is Cool Again
5%
The Tipping Point I Go
5%
The Tipping Point I'm Focused
5%
Fresh EP | The Tipping Point Low Key
5%
Big Mango
5%
The Sikkis On the Planet Mena (Sikkis on the Planet Outro)
5%
The Epidemic LP Mr. Jangles
5%
The Epidemic LP Mr. Jangles Part 2
5%
The Epidemic LP Music
5%
Big Never Listen to Adults
5%
Fresh EP | The Tipping Point Nobody
5%
Fresh EP Noodles - Skit
5%
The Outsider Nose Goes
5%
These Things Happen Too Now, Later, Next
5%
The Endless Summer Outta Pocket RMX
5%
The Epidemic LP Pampers
5%
The Tipping Point Paper Planes (Remix)
5%
The Tipping Point Pick Up the Pieces
5%
Big Purpell Treez
5%
The Tipping Point Put It in My Mouth
5%
The Outsider Right Now
5%
Big SB Dunks
5%
Fresh EP She's Boppin'
5%
The Tipping Point Sweet Sensation
5%
The Epidemic LP The Illest
5%
Fresh EP This N' That
5%
The Sikkis On the Planet Top of the Game
5%
The Sikkis On the Planet Unstoppable
5%
The Tipping Point White Tee
5%
The Sikkis On the Planet Wishful Thinking
5%
The Outsider You Were Up to Something
5%
Big Zombie Land
5%
Space Jam: A New Legacy (Original Motion Picture Soundtrack) About That Time
2%
Quarantine Best I Ever Had Remix
2%
Quarantine Luvaholic
2%
Quarantine Nike Head
2%
Quarantine Pulled Up
2%
Quarantine Watch Me Heat Up
2%
No matching quizzes found
Score Distribution
Percent of People with Each Score
Percentile by Number Answered
Your Score History
You have not taken this quiz since the last reset